Municipalities of South Carolina Counties- Greenwood - Statistics

General Stats
  • This quiz has been taken 11 times
  • The average score is 2 of 5
Answer Stats
Population (2020) Municipality % Correct
22,545 Greenwood
80%
1,701 Ware Shoals
60%
162 Hodges
40%
2,076 Ninety Six
40%
83 Troy
20%
No matching quizzes found
Score Distribution
Percent of People with Each Score
Percentile by Number Answered
Your Score History
You have not taken this quiz